Grandes Museos del Mundo : Museos del Louvre
| Main Authors: | , |
|---|---|
| Format: | Section = Libro |
| Language: | Undetermined Spanish |
| Published: |
España
CAE
1996
|
| Subjects: |
| LEADER | 00631nam a2200229Ia 4500 | ||
|---|---|---|---|
| 008 | 240829s9999 xx 000 0 und d | ||
| 020 | |a 84-7764-347-4 | ||
| 040 | |a BIBLIOTECA-RUSB/ Ref 708 S489 | ||
| 041 | |a spa | ||
| 082 | |a Ref 708 S489 | ||
| 100 | 1 | |a Serullaz, Maurice | |
| 100 | 1 | |b Povillon , Christian | |
| 245 | 1 | 0 | |a Grandes Museos del Mundo : Museos del Louvre |
| 260 | |a España |b CAE |c 1996 | ||
| 300 | |a 239 p. :il. | ||
| 650 | 7 | |a MUSEOS - LOUVRE | |
| 650 | 7 | |b PINTURA ESCUELA ITALIANA | |
| 650 | 7 | |c PINTURA - ESCUELA FRANCESA | |
| 650 | 7 | |d PINTURA - ESCUELA FLAMENCA | |
| 942 | |c BK |2 ddc | ||
| 991 | |a TEXTO | ||
| 999 | |c 6351 | ||